[Event "Dhaka SGS op"]
[Site "Dhaka"]
[Date "2017.06.03"]
[Round "1"]
[White "Abu Lish, Ansary"]
[Black "Md, Sharif Hossain"]
[Result "0-1"]
[WhiteElo "1706"]
[BlackElo "2180"]
[PlyCount "58"]
[EventDate "2017.06.03"]
[EventType "swiss"]
[EventRounds "9"]
[EventCountry "BAN"]
[SourceTitle "EXT 2019"]
[Source "ChessBase"]
[SourceDate "2018.10.10"]
[SourceVersion "1"]
[SourceVersionDate "2018.10.10"]
[SourceQuality "1"]

1. e4 c5 2. Nc3 d6 3. f4 Nc6 4. Nf3 a6 5. Be2 Nd4 6. 0-0 e6 7. d3 Ne7 8. Be3 Nec6 9. Qd2 Be7 10. Bxd4 cxd4 11. Nd1 d5 12. a3 0-0 13. Nf2 b5 14. Rae1 Bb7 15. exd5 Qxd5 16. Ne4 f5 17. Neg5 h6 18. Nh3 a5 19. Bd1 b4 20. axb4 Bxb4 21. c3 dxc3 22. bxc3 Qc5+ 23. d4 Qxc3 24. Qxc3 Bxc3 25. Rxe6 Nxd4 26. Nxd4 Bxd4+ 27. Kh1 a4 28. Re7 Rf7 29. Re2 Ba6 0-1